| 000 | 00757nam a2200277Ia 4500 | ||
|---|---|---|---|
| 001 | Para_6392 | ||
| 003 | CHAP | ||
| 008 | 220125s1993 xx 000 0 und d | ||
| 010 | _a205130 | ||
| 040 | _cCHAP | ||
| 082 | _aPA 595.774 A5 1993 | ||
| 100 |
_aAluja Schuneman, Martín _94725 |
||
| 245 |
_aManejo integrado de la mosca de la fruta / _c por Martín Aluja Schuneman |
||
| 250 | _aed. rev. y ampl. | ||
| 260 |
_aMéxico, D. F. : _b Trillas |
||
| 300 | _a251 p. | ||
| 650 |
_aFruta _x plagas _943646 |
||
| 650 |
_aMosca de la fruta _978989 |
||
| 901 | _aPA 595.774 A5 1993 | ||
| 902 | _aA | ||
| 905 | _a0000001993 a 0000000000 00 | ||
| 910 | _a1993 | ||
| 942 | _cPARA | ||
| 942 |
_cPARA _d1 |
||
| 999 |
_c205130 _d205130 |
||